[Event "95th Caplin Hastings Congress"]
[Site "Hastings"]
[Date "2019.12.31"]
[Round "4.34"]
[White "Anderson, John"]
[Black "McNally, Richard J E"]
[Result "1-0"]
[WhiteElo "2163"]
[BlackElo "1967"]
[Annotator "ChessBase"]
[PlyCount "101"]
[EventDate "2019.12.28"]
[EventType "swiss"]
[EventCountry "ENG"]
[SourceTitle "playchess.com"]
[Source "ChessBase"]
[SourceQuality "1"]
[TimeControl "40/6600+30:3000+30"]

1. e4 {[%emt 0:09:35]} e5 {[%emt 0:09:48]} 2. Nf3 {[%emt 0:00:09]} Nc6 {[%emt 0:00:35]} 3. Bb5 {[%emt 0:00:05]} a6 {[%emt 0:00:39]} 4. Ba4 {[%emt 0:00:17]} Nf6 {[%emt 0:00:23]} 5. O-O {[%emt 0:00:09]} Be7 {[%emt 0:00:25]} 6. Bxc6 {[%emt 0:01:19]} dxc6 {[%emt 0:00:24]} 7. Nc3 {[%emt 0:00:05]} Bg4 {[%emt 0:04:25]} 8. h3 {[%emt 0:00:21]} Bxf3 {[%emt 0:00:35]} 9. Qxf3 {[%emt 0:00:06]} Bc5 {[%emt 0:00:59]} 10. d3 {[%emt 0:02:09]} Qe7 {[%emt 0:02:00]} 11. Bg5 {[%emt 0:03:25]} O-O-O {[%emt 0:01:07]} 12. Ne2 {[%emt 0:01:49]} h6 {[%emt 0:00:41]} 13. Bxf6 {[%emt 0:00:16]} gxf6 {[%emt 0:02:55]} 14. Ng3 {[%emt 0:01:48]} Rdg8 {[%emt 0:01:13]} 15. Nf5 {[%emt 0:02:24]} Qf8 {[%emt 0:01:18]} 16. Kh2 {[%emt 0:03:00]} Rg6 {[%emt 0:01:55]} 17. a3 {[%emt 0:01:36]} Kb8 {[%emt 0:01:19]} 18. b4 {[%emt 0:00:45]} Ba7 {[%emt 0:01:39]} 19. Rab1 {[%emt 0:00:48]} Rhg8 {[%emt 0:04:48]} 20. g3 {[%emt 0:01:04]} Rg5 {[%emt 0:03:28]} 21. a4 {[%emt 0:01:42]} R8g6 {[%emt 0:01:41]} 22. b5 {[%emt 0:02:59]} cxb5 {[%emt 0:04:41]} 23. axb5 {[%emt 0:00:03]} a5 {[%emt 0:00:23]} 24. Nh4 {[%emt 0:03:50]} Rg8 {[%emt 0:02:54]} 25. Qxf6 {[%emt 0:01:19]} Qc5 {[%emt 0:00:44]} 26. Nf3 {[%emt 0:03:55]} Qxc2 {[%emt 0:23:37]} 27. Nxg5 {[%emt 0:00:26]} hxg5 {[%emt 0:00:18]} 28. Qxf7 {[%emt 0:04:28]} Rc8 {[%emt 0:02:04]} 29. Qb3 {[%emt 0:09:53]} Qe2 {[%emt 0:04:41]} 30. Qd1 {[%emt 0:02:31]} Qa2 {[%emt 0:00:09]} 31. Ra1 {[%emt 0:03:26]} Qb2 {[%emt 0:00:20]} 32. Qb1 {[%emt 0:04:54]} Qe2 {[%emt 0:07:46]} 33. Qa2 {[%emt 0:04:11]} Qxa2 {[%emt 0:02:58]} 34. Rxa2 {[%emt 0:00:01]} Bb6 {[%emt 0:00:16]} 35. Kg2 {[%emt 0:02:08]} Rd8 {[%emt 0:00:14]} 36. Rd1 {[%emt 0:00:51]} Rf8 {[%emt 0:01:59]} 37. Rh1 {[%emt 0:06:36]} Kc8 {[%emt 0:00:58]} 38. h4 {[%emt 0:01:34]} gxh4 {[%emt 0:02:57]} 39. Rxh4 {[%emt 0:01:33]} Bd4 {[%emt 0:01:42]} 40. f4 {[%emt 0:01:58]} b6 {[%emt 0:01:27]} 41. f5 {[%emt 0:50:39]} Kd7 {[%emt 0:50:36]} 42. Kf3 {[%emt 0:02:09]} Kd6 {[%emt 0:00:38]} 43. Rc2 {[%emt 0:00:35]} Bc5 {[%emt 0:00:48]} 44. g4 {[%emt 0:02:01]} a4 {[%emt 0:00:33]} 45. g5 {[%emt 0:00:07]} Rg8 {[%emt 0:01:31]} 46. Kg4 {[%emt 0:01:05]} a3 {[%emt 0:01:10]} 47. Rh6+ {[%emt 0:00:41]} Kd7 {[%emt 0:00:57]} 48. Rxc5 {[%emt 0:00:21]} bxc5 {[%emt 0:00:16]} 49. Ra6 {[%emt 0:00:03]} Rh8 {[%emt 0:02:24]} 50. Rxa3 {[%emt 0:00:20]} Rh1 {[%emt 0:01:02]} 51. f6 {[%emt 0:00:52]} 1-0

[Event "95th Caplin Hastings Congress"]
[Site "Hastings"]
[Date "2019.12.31"]
[Round "4.35"]
[White "Graham, David B"]
[Black "Miller, George"]
[Result "1/2-1/2"]
[WhiteElo "2152"]
[BlackElo "1845"]
[Annotator "ChessBase"]
[PlyCount "53"]
[EventDate "2019.12.28"]
[EventType "swiss"]
[EventCountry "ENG"]
[SourceTitle "playchess.com"]
[Source "ChessBase"]
[SourceQuality "1"]
[TimeControl "40/6600+30:3000+30"]

1. e4 {[%emt 0:09:31]} d5 {[%emt 0:09:43]} 2. exd5 {[%emt 0:00:05]} Nf6 {[%emt 0:00:06]} 3. d4 {[%emt 0:00:10]} Bg4 {[%emt 0:00:16]} 4. Be2 {[%emt 0:01:09]} Bxe2 {[%emt 0:00:08]} 5. Qxe2 {[%emt 0:00:25]} Qxd5 {[%emt 0:00:14]} 6. Nf3 {[%emt 0:00:22]} Nc6 {[%emt 0:00:28]} 7. Be3 {[%emt 0:03:06]} e6 {[%emt 0:02:30]} 8. O-O {[%emt 0:00:43]} O-O-O {[%emt 0:03:27]} 9. c4 {[%emt 0:00:44]} Qh5 {[%emt 0:00:29]} 10. Nc3 {[%emt 0:00:12]} Ng4 {[%emt 0:08:09]} 11. h3 {[%emt 0:05:03]} Nxe3 {[%emt 0:01:59]} 12. fxe3 {[%emt 0:07:57]} g5 {[%emt 0:07:26]} 13. Ne1 {[%emt 0:26:39]} Qg6 {[%emt 0:05:15]} 14. Nd3 {[%emt 0:04:14]} h5 {[%emt 0:04:42]} 15. d5 {[%emt 0:04:48]} Bg7 {[%emt 0:03:47]} 16. dxc6 {[%emt 0:01:35]} Rxd3 {[%emt 0:02:20]} 17. cxb7+ {[%emt 0:01:00]} Kb8 {[%emt 0:00:16]} 18. Rad1 {[%emt 0:08:11]} Rhd8 {[%emt 0:02:21]} 19. Rxd3 {[%emt 0:10:09]} Rxd3 {[%emt 0:00:08]} 20. Nb5 {[%emt 0:01:58]} a6 {[%emt 0:04:45]} 21. Nd4 {[%emt 0:02:53]} Bxd4 {[%emt 0:00:58]} 22. exd4 {[%emt 0:00:03]} Rxd4 {[%emt 0:00:49]} 23. c5 {[%emt 0:02:27]} Qd3 {[%emt 0:07:19]} 24. Qxh5 {[%emt 0:03:38]} Qe3+ {[%emt 0:00:29]} 25. Kh1 {[%emt 0:01:08]} Rf4 {[%emt 0:03:04]} 26. Rxf4 {[%emt 0:11:48]} Qc1+ {[%emt 0:00:46]} 27. Kh2 {[%emt 0:01:56]} 1/2-1/2

[Event "95th Caplin Hastings Congress"]
[Site "Hastings"]
[Date "2019.12.31"]
[Round "4.36"]
[White "Eames, Robert S"]
[Black "Brouwer, Willem"]
[Result "1-0"]
[WhiteElo "2150"]
[BlackElo "1662"]
[Annotator "ChessBase"]
[PlyCount "59"]
[EventDate "2019.12.28"]
[EventType "swiss"]
[EventCountry "ENG"]
[SourceTitle "playchess.com"]
[Source "ChessBase"]
[SourceQuality "1"]
[TimeControl "40/6600+30:3000+30"]

1. e4 {[%emt 0:09:43]} e5 {[%emt 0:09:50]} 2. Nf3 {[%emt 0:00:13]} Nf6 {[%emt 0:00:20]} 3. Nxe5 {[%emt 0:00:21]} d6 {[%emt 0:00:15]} 4. Nf3 {[%emt 0:00:13]} Nxe4 {[%emt 0:00:12]} 5. d4 {[%emt 0:00:16]} d5 {[%emt 0:00:29]} 6. Bd3 {[%emt 0:00:10]} Nf6 {[%emt 0:02:14]} 7. O-O {[%emt 0:01:48]} Be7 {[%emt 0:00:18]} 8. h3 {[%emt 0:00:29]} O-O {[%emt 0:00:24]} 9. c4 {[%emt 0:01:42]} h6 {[%emt 0:01:15]} 10. Nc3 {[%emt 0:00:18]} Be6 {[%emt 0:00:30]} 11. c5 {[%emt 0:01:47]} c6 {[%emt 0:00:19]} 12. Bf4 {[%emt 0:00:43]} Nbd7 {[%emt 0:00:44]} 13. b4 {[%emt 0:00:59]} a6 {[%emt 0:02:30]} 14. Re1 {[%emt 0:01:06]} Nh7 {[%emt 0:06:00]} 15. Bc2 {[%emt 0:03:43]} Re8 {[%emt 0:13:02]} 16. Qd3 {[%emt 0:01:46]} Ndf8 {[%emt 0:02:19]} 17. Ne5 {[%emt 0:02:21]} Bf6 {[%emt 0:01:16]} 18. Na4 {[%emt 0:06:17]} Bxe5 {[%emt 0:13:26]} 19. Bxe5 {[%emt 0:00:43]} Ng6 {[%emt 0:09:11]} 20. Nb6 {[%emt 0:01:56]} Ra7 {[%emt 0:02:57]} 21. f4 {[%emt 0:05:21]} Nhf8 {[%emt 0:00:30]} 22. Bd6 {[%emt 0:02:54]} Ne7 {[%emt 0:01:02]} 23. g4 {[%emt 0:01:22]} g6 {[%emt 0:01:11]} 24. Qg3 {[%emt 0:09:58]} Nc8 {[%emt 0:11:53]} 25. Nxc8 {[%emt 0:02:03]} Bxc8 {[%emt 0:03:00]} 26. Rxe8 {[%emt 0:00:18]} Qxe8 {[%emt 0:00:48]} 27. Re1 {[%emt 0:00:31]} Qd8 {[%emt 0:02:00]} 28. Re7 {[%emt 0:04:04]} Ra8 {[%emt 0:01:56]} 29. f5 {[%emt 0:01:29]} g5 {[%emt 0:00:44]} 30. Qe5 {[%emt 0:06:37]} 1-0

[Event "95th Caplin Hastings Congress"]
[Site "Hastings"]
[Date "2019.12.31"]
[Round "4.37"]
[White "Elwin, Adrian G"]
[Black "Gutierrez Carmona, Juan Alejandr"]
[Result "0-1"]
[WhiteElo "1986"]
[BlackElo "2146"]
[Annotator "TA"]
[PlyCount "94"]
[EventDate "2019.12.28"]
[EventType "swiss"]
[EventCountry "ENG"]
[SourceTitle "playchess.com"]
[Source "ChessBase"]
[SourceQuality "1"]

{[%evp 23,108,39,42,10,17,10,12,0,0,-18,4,-16,-16,-14,14,-8,0,-47,-28,-62,-65,-59,-54,-61,-54,-60,-42,-44,-38,-27,-47,-20,-40,-75,-92,-137,-126,-134,-137,-131,-129,-197,-202,-214,-211,-214,-183,-187,-186,-180,-148,-185,-185,-212,-225,-189,-190,-241,-234,-232,-233,-208,-212,-281,-247,-410,-409,-459,-467,-649,-644,-632,-630,-632,-604,-490,-272,-623,-634,-621,-620,-587,-580,-816,-765,-29986,-29987]} 1. d4 d5 2. c4 e6 3. Nf3 Nf6 4. Nc3 Be7 5. Bg5 Nbd7 6. e3 h6 7. Bh4 O-O 8. Bd3 b6 9. cxd5 exd5 10. Rc1 Bb7 11. O-O Ne4 12. Bxe7 Qxe7 13. Ne2 {D58: Queen's Gambit Declined: Tartakower Defence} (13. Qa4 c5 14. Rfd1 Nxc3 15. Rxc3 c4 16. Bf5 Nf6 17. b3 g6 18. Bb1 cxb3 19. Qxb3 Rfc8 20. Rdc1 Rxc3 21. Rxc3 Rc8 22. Ne5 Rxc3 23. Qxc3 Qd6 24. f3 {½-½ (24) Margvelashvili,G (2532)-Colas,J (2374) Philadelphia 2016}) 13... c6 14. Qc2 $146 ({Predecessor:} 14. Re1 g5 15. Ng3 f5 16. Nd2 Rae8 17. Ndf1 Qf7 18. Qc2 Kh8 19. f3 Nd6 20. e4 Re7 21. Re2 h5 22. Nd2 h4 23. Ngf1 Qf6 24. Nb3 Rg7 25. Nfd2 g4 26. exf5 gxf3 27. Nxf3 Nxf5 {½-½ (27) Soskin,I (2138)-Azanov,P (2049) Gornozavodsk 2010}) 14... Rfe8 15. Ng3 {The position is equal.} Rac8 16. Qe2 Rc7 17. Rfe1 g6 18. Nd2 Ndf6 19. Bxe4 dxe4 20. Nc4 c5 21. Ne5 Rec8 22. Qd2 Rd8 {Strongly threatening ...Qxe5!} 23. Qc2 Rcc8 24. Qb3 {Black should prevent Nxg6.} Bd5 25. Qa4 Kg7 26. Ne2 cxd4 27. Rxc8 Rxc8 28. Qxd4 Bxa2 $40 {[%mdl 128] White is in trouble.} 29. Ng4 Rc4 30. Qxf6+ Qxf6 31. Nxf6 Kxf6 $17 {[%mdl 4096] Endgame KRB-KRN} 32. Nc3 (32. Ra1 $17 Rc2 {[%mdl 64] Double Attack} 33. Rxa2 Rxe2 34. Kf1) 32... Bb3 $19 33. f3 exf3 34. gxf3 Rb4 35. Re2 Ke6 36. Rd2 a5 37. Kf2 Bc4 38. Kg3 Rb3 39. h4 f5 40. e4 (40. Kf4 $142) 40... fxe4 41. Nxe4 Bd5 42. Nc3 Bc6 43. Kg4 b5 {[%cal Bb6b5,Bb5b4][%mdl 32]} 44. Rf2 $2 (44. Re2+ Kf7 45. Rc2) 44... b4 45. Ne2 {[#] aiming for Nd4+.} Ke5 46. f4+ Kf6 {[%csl Gg6][%cal Rh6h5]} 47. f5 {White wants to play Nd4.} h5+ {Played: Bc6-d7} 0-1

[Event "95th Caplin Hastings Congress"]
[Site "Hastings"]
[Date "2019.12.31"]
[Round "4.38"]
[White "De Boer, Bas"]
[Black "Zheng, Jerry Z"]
[Result "1-0"]
[WhiteElo "2138"]
[BlackElo "1565"]
[Annotator "ChessBase"]
[PlyCount "59"]
[EventDate "2019.12.28"]
[EventType "swiss"]
[EventCountry "ENG"]
[SourceTitle "playchess.com"]
[Source "ChessBase"]
[SourceQuality "1"]
[TimeControl "40/6600+30:3000+30"]

1. d4 {[%emt 0:09:34]} Nf6 {[%emt 0:09:40]} 2. c4 {[%emt 0:00:04]} e6 {[%emt 0:00:11]} 3. g3 {[%emt 0:00:06]} d5 {[%emt 0:00:13]} 4. Nf3 {[%emt 0:00:11]} Be7 {[%emt 0:00:24]} 5. Bg2 {[%emt 0:00:07]} O-O {[%emt 0:00:21]} 6. O-O {[%emt 0:00:05]} dxc4 {[%emt 0:00:07]} 7. Qc2 {[%emt 0:00:06]} a6 {[%emt 0:00:12]} 8. a4 {[%emt 0:00:06]} Bd7 {[%emt 0:00:09]} 9. Qxc4 {[%emt 0:00:09]} Bc6 {[%emt 0:00:10]} 10. Bg5 {[%emt 0:00:22]} Bd5 {[%emt 0:00:35]} 11. Qc2 {[%emt 0:01:01]} Nbd7 {[%emt 0:31:48]} 12. Nc3 {[%emt 0:01:14]} Bc6 {[%emt 0:00:42]} 13. e4 {[%emt 0:02:29]} h6 {[%emt 0:01:13]} 14. Bxf6 {[%emt 0:09:58]} Nxf6 {[%emt 0:00:43]} 15. Rad1 {[%emt 0:00:47]} b6 {[%emt 0:02:35]} 16. d5 {[%emt 0:06:18]} exd5 {[%emt 0:03:03]} 17. e5 {[%emt 0:01:06]} Nd7 {[%emt 0:03:34]} 18. Nd4 {[%emt 0:07:19]} Bb7 {[%emt 0:05:06]} 19. Nxd5 {[%emt 0:00:08]} Bc5 {[%emt 0:37:01]} 20. Nf6+ {[%emt 0:08:01]} gxf6 {[%emt 0:01:05]} 21. Bxb7 {[%emt 0:00:17]} fxe5 {[%emt 0:04:50]} 22. Nf5 {[%emt 0:02:30]} Ra7 {[%emt 0:04:50]} 23. Bc6 {[%emt 0:00:44]} Bd6 {[%emt 0:00:37]} 24. Qd2 {[%emt 0:03:48]} f6 {[%emt 0:07:46]} 25. Bd5+ {[%emt 0:00:47]} Rf7 {[%emt 0:00:49]} 26. Qxh6 {[%emt 0:00:54]} Qf8 {[%emt 0:00:52]} 27. Qg6+ {[%emt 0:00:14]} Kh8 {[%emt 0:00:21]} 28. Bxf7 {[%emt 0:00:05]} Ra8 {[%emt 0:01:13]} 29. Qh5+ {[%emt 0:00:07]} Qh6 {[%emt 0:00:21]} 30. Qxh6# {[%emt 0:00:44]} 1-0

[Event "95th Caplin Hastings Congress"]
[Site "Hastings"]
[Date "2019.12.31"]
[Round "4.39"]
[White "Barton, R Alan"]
[Black "Makkar, Rajat"]
[Result "0-1"]
[WhiteElo "1945"]
[BlackElo "2137"]
[Annotator "ChessBase"]
[PlyCount "88"]
[EventDate "2019.12.28"]
[EventType "swiss"]
[EventCountry "ENG"]
[SourceTitle "playchess.com"]
[Source "ChessBase"]
[SourceQuality "1"]
[TimeControl "40/6600+30:3000+30"]

1. Nf3 {[%emt 0:09:35]} Nf6 {[%emt 0:09:44]} 2. c4 {[%emt 0:00:34]} c5 {[%emt 0:01:17]} 3. g3 {[%emt 0:03:35]} d5 {[%emt 0:00:19]} 4. Bg2 {[%emt 0:01:22]} d4 {[%emt 0:02:00]} 5. Ne5 {[%emt 0:02:29]} Qc7 {[%emt 0:02:38]} 6. Qa4+ {[%emt 0:00:03]} Nbd7 {[%emt 0:02:20]} 7. Nd3 {[%emt 0:03:22]} e5 {[%emt 0:04:30]} 8. O-O {[%emt 0:04:00]} Bd6 {[%emt 0:03:30]} 9. Na3 {[%emt 0:00:52]} a6 {[%emt 0:00:34]} 10. b4 {[%emt 0:03:01]} O-O {[%emt 0:02:58]} 11. bxc5 {[%emt 0:00:56]} Nxc5 {[%emt 0:01:24]} 12. Nxc5 {[%emt 0:01:57]} Bxc5 {[%emt 0:00:50]} 13. Rb1 {[%emt 0:05:24]} Bd7 {[%emt 0:02:33]} 14. Qb3 {[%emt 0:02:39]} Bc6 {[%emt 0:03:44]} 15. d3 {[%emt 0:03:44]} Rab8 {[%emt 0:08:05]} 16. Bd2 {[%emt 0:10:39]} Rfe8 {[%emt 0:03:42]} 17. Bb4 {[%emt 0:01:38]} Bxg2 {[%emt 0:06:37]} 18. Kxg2 {[%emt 0:00:07]} Qc6+ {[%emt 0:00:15]} 19. Kg1 {[%emt 0:02:17]} Nd7 {[%emt 0:00:41]} 20. Nc2 {[%emt 0:13:12]} h5 {[%emt 0:02:47]} 21. e4 {[%emt 0:08:00]} Qg6 {[%emt 0:03:42]} 22. Ne1 {[%emt 0:08:33]} b5 {[%emt 0:05:02]} 23. Ng2 {[%emt 0:02:05]} Rec8 {[%emt 0:01:42]} 24. Nh4 {[%emt 0:11:30]} Qf6 {[%emt 0:08:11]} 25. Qa3 {[%emt 0:03:36]} bxc4 {[%emt 0:01:52]} 26. Bxc5 {[%emt 0:01:11]} Rxb1 {[%emt 0:00:36]} 27. Rxb1 {[%emt 0:00:03]} Nxc5 {[%emt 0:00:46]} 28. Nf5 {[%emt 0:03:49]} g6 {[%emt 0:01:34]} 29. Rb6 {[%emt 0:01:20]} Qxb6 {[%emt 0:00:24]} 30. Ne7+ {[%emt 0:00:04]} Kh7 {[%emt 0:00:22]} 31. Nxc8 {[%emt 0:00:04]} Qc7 {[%emt 0:00:11]} 32. f4 {[%emt 0:02:09]} exf4 {[%emt 0:00:56]} 33. gxf4 {[%emt 0:00:19]} c3 {[%emt 0:00:48]} 34. f5 {[%emt 0:04:30]} Qxc8 {[%emt 0:00:38]} 35. fxg6+ {[%emt 0:01:36]} fxg6 {[%emt 0:00:47]} 36. Qb4 {[%emt 0:01:34]} c2 {[%emt 0:01:28]} 37. Qc4 {[%emt 0:01:01]} Qg4+ {[%emt 0:00:21]} 38. Kh1 {[%emt 0:01:29]} Qd1+ {[%emt 0:00:41]} 39. Kg2 {[%emt 0:00:04]} Qd2+ {[%emt 0:00:09]} 40. Kf3 {[%emt 0:04:19]} Qe3+ {[%emt 0:00:21]} 41. Kg2 {[%emt 0:50:27]} Qg5+ {[%emt 0:50:09]} 42. Kf3 {[%emt 0:00:00]} Qg4+ {[%emt 0:00:00]} 43. Kf2 {[%emt 0:00:00]} Qf4+ {[%emt 0:00:00]} 44. Kg2 {[%emt 0:00:00]} c1=Q {[%emt 0:00:00]} 0-1

[Event "95th Caplin Hastings Congress"]
[Site "Hastings"]
[Date "2019.12.31"]
[Round "4.40"]
[White "Garnett, John S"]
[Black "Unnikrishnan, Midhun P"]
[Result "0-1"]
[WhiteElo "1865"]
[BlackElo "2135"]
[Annotator "ChessBase"]
[PlyCount "46"]
[EventDate "2019.12.28"]
[EventType "swiss"]
[EventCountry "ENG"]
[SourceTitle "playchess.com"]
[Source "ChessBase"]
[SourceQuality "1"]
[TimeControl "40/6600+30:3000+30"]

1. d4 {[%emt 0:09:32]} Nf6 {[%emt 0:09:35]} 2. Bg5 {[%emt 0:00:07]} d5 {[%emt 0:00:13]} 3. e3 {[%emt 0:00:17]} c5 {[%emt 0:00:27]} 4. Bxf6 {[%emt 0:00:30]} gxf6 {[%emt 0:00:08]} 5. c4 {[%emt 0:00:27]} dxc4 {[%emt 0:00:34]} 6. Bxc4 {[%emt 0:00:25]} cxd4 {[%emt 0:00:12]} 7. Nc3 {[%emt 0:01:01]} Nc6 {[%emt 0:00:33]} 8. Qh5 {[%emt 0:00:33]} e6 {[%emt 0:00:13]} 9. O-O-O {[%emt 0:00:48]} Qa5 {[%emt 0:00:21]} 10. Qxa5 {[%emt 0:00:46]} Nxa5 {[%emt 0:00:06]} 11. Bb5+ {[%emt 0:00:29]} Ke7 {[%emt 0:00:32]} 12. Rxd4 {[%emt 0:01:44]} a6 {[%emt 0:02:12]} 13. Ba4 {[%emt 0:03:16]} b5 {[%emt 0:03:15]} 14. Bc2 {[%emt 0:01:06]} f5 {[%emt 0:04:11]} 15. Nge2 {[%emt 0:01:33]} Bg7 {[%emt 0:01:03]} 16. Rdd1 {[%emt 0:05:19]} Bb7 {[%emt 0:01:20]} 17. Rhg1 {[%emt 0:06:22]} h5 {[%emt 0:07:40]} 18. h4 {[%emt 0:02:27]} Rac8 {[%emt 0:02:09]} 19. g3 {[%emt 0:02:39]} b4 {[%emt 0:01:33]} 20. Na4 {[%emt 0:06:52]} Be4 {[%emt 0:00:10]} 21. Rd2 {[%emt 0:01:50]} b3 {[%emt 0:00:09]} 22. Nec3 {[%emt 0:03:40]} bxa2 {[%emt 0:02:57]} 23. Nxa2 {[%emt 0:02:17]} Nb3+ {[%emt 0:00:10]} 0-1

[Event "95th Caplin Hastings Congress"]
[Site "Hastings"]
[Date "2019.12.31"]
[Round "4.41"]
[White "Patrick, Chaski"]
[Black "Kumar, Sanjit S"]
[Result "1-0"]
[WhiteElo "2131"]
[BlackElo "1501"]
[Annotator "ChessBase"]
[PlyCount "131"]
[EventDate "2019.12.28"]
[EventType "swiss"]
[EventCountry "ENG"]
[SourceTitle "playchess.com"]
[Source "ChessBase"]
[SourceQuality "1"]
[TimeControl "40/6600+30:3000+30"]

1. e4 {[%emt 0:09:34]} e5 {[%emt 0:11:44]} 2. Nf3 {[%emt 0:00:06]} Nc6 {[%emt 0:00:15]} 3. Bb5 {[%emt 0:00:05]} a6 {[%emt 0:00:14]} 4. Ba4 {[%emt 0:00:06]} Nf6 {[%emt 0:00:19]} 5. O-O {[%emt 0:00:06]} Be7 {[%emt 0:00:11]} 6. Re1 {[%emt 0:00:06]} b5 {[%emt 0:00:13]} 7. Bb3 {[%emt 0:00:04]} d6 {[%emt 0:00:30]} 8. c3 {[%emt 0:00:06]} O-O {[%emt 0:00:21]} 9. h3 {[%emt 0:00:03]} Na5 {[%emt 0:00:26]} 10. Bc2 {[%emt 0:00:05]} c5 {[%emt 0:00:19]} 11. d3 {[%emt 0:00:06]} Bb7 {[%emt 0:05:05]} 12. Nbd2 {[%emt 0:00:30]} Re8 {[%emt 0:02:42]} 13. Nf1 {[%emt 0:00:07]} Bf8 {[%emt 0:00:30]} 14. Ng3 {[%emt 0:00:30]} g6 {[%emt 0:00:31]} 15. Bd2 {[%emt 0:03:51]} Bg7 {[%emt 0:03:17]} 16. Qc1 {[%emt 0:00:44]} Rc8 {[%emt 0:04:08]} 17. Bh6 {[%emt 0:00:36]} Bh8 {[%emt 0:00:17]} 18. Bg5 {[%emt 0:09:11]} Qb6 {[%emt 0:04:59]} 19. Nh4 {[%emt 0:06:35]} b4 {[%emt 0:04:30]} 20. Ba4 {[%emt 0:03:06]} Bc6 {[%emt 0:02:53]} 21. Bxc6 {[%emt 0:00:06]} Rxc6 {[%emt 0:00:10]} 22. Nhf5 {[%emt 0:00:41]} c4 {[%emt 0:08:27]} 23. d4 {[%emt 0:02:45]} exd4 {[%emt 0:03:51]} 24. Nxd4 {[%emt 0:01:01]} Rcc8 {[%emt 0:01:10]} 25. Qf4 {[%emt 0:01:44]} d5 {[%emt 0:06:29]} 26. e5 {[%emt 0:01:58]} Ne4 {[%emt 0:04:27]} 27. Nxe4 {[%emt 0:00:30]} dxe4 {[%emt 0:00:56]} 28. Rxe4 {[%emt 0:01:30]} Nc6 {[%emt 0:01:14]} 29. Bf6 {[%emt 0:05:58]} Nxd4 {[%emt 0:00:28]} 30. Bxh8 {[%emt 0:00:11]} Ne2+ {[%emt 0:00:28]} 31. Rxe2 {[%emt 0:00:09]} Kxh8 {[%emt 0:00:04]} 32. Qxf7 {[%emt 0:00:36]} bxc3 {[%emt 0:00:19]} 33. bxc3 {[%emt 0:00:07]} Qe6 {[%emt 0:00:36]} 34. Qxe6 {[%emt 0:00:55]} Rxe6 {[%emt 0:00:06]} 35. Rd1 {[%emt 0:00:36]} Rc5 {[%emt 0:00:37]} 36. f4 {[%emt 0:00:18]} g5 {[%emt 0:00:07]} 37. g3 {[%emt 0:00:15]} h5 {[%emt 0:00:26]} 38. h4 {[%emt 0:01:00]} gxf4 {[%emt 0:01:15]} 39. gxf4 {[%emt 0:00:07]} Rg6+ {[%emt 0:00:07]} 40. Rg2 {[%emt 0:00:55]} Kh7 {[%emt 0:00:52]} 41. Kf2 {[%emt 0:51:23]} Ra5 {[%emt 0:50:42]} 42. Rxg6 {[%emt 0:00:28]} Rxa2+ {[%emt 0:00:15]} 43. Kf3 {[%emt 0:00:06]} Kxg6 {[%emt 0:00:05]} 44. Rd6+ {[%emt 0:00:21]} Kg7 {[%emt 0:00:46]} 45. Rc6 {[%emt 0:00:20]} Rd2 {[%emt 0:00:58]} 46. Rxc4 {[%emt 0:00:17]} Rd3+ {[%emt 0:00:06]} 47. Ke4 {[%emt 0:00:10]} Rh3 {[%emt 0:00:04]} 48. Rc7+ {[%emt 0:00:30]} Kf8 {[%emt 0:00:07]} 49. c4 {[%emt 0:01:25]} Rxh4 {[%emt 0:00:17]} 50. Ra7 {[%emt 0:00:15]} Rh1 {[%emt 0:00:12]} 51. Rxa6 {[%emt 0:00:07]} Rc1 {[%emt 0:00:06]} 52. Rc6 {[%emt 0:00:31]} h4 {[%emt 0:00:08]} 53. Rh6 {[%emt 0:02:10]} Rxc4+ {[%emt 0:00:07]} 54. Kf5 {[%emt 0:00:06]} Rc7 {[%emt 0:00:41]} 55. Rxh4 {[%emt 0:00:19]} Rg7 {[%emt 0:00:13]} 56. Rh8+ {[%emt 0:00:23]} Ke7 {[%emt 0:00:08]} 57. Ra8 {[%emt 0:00:07]} Rg1 {[%emt 0:00:42]} 58. Ra7+ {[%emt 0:00:05]} Ke8 {[%emt 0:00:10]} 59. Kf6 {[%emt 0:00:35]} Re1 {[%emt 0:00:20]} 60. e6 {[%emt 0:00:00]} Kd8 {[%emt 0:00:05]} 61. e7+ {[%emt 0:00:25]} Ke8 {[%emt 0:00:08]} 62. Ra8+ {[%emt 0:00:07]} Kd7 {[%emt 0:00:05]} 63. Rd8+ {[%emt 0:00:05]} Kc7 {[%emt 0:00:04]} 64. e8=Q {[%emt 0:00:06]} Rxe8 {[%emt 0:00:07]} 65. Rxe8 {[%emt 0:00:03]} Kd7 {[%emt 0:00:11]} 66. Kf7 {[%emt 0:00:06]} 1-0